| 000 | 01073nas a2200289 4500 | ||
|---|---|---|---|
| 001 | BR2015004594 | ||
| 003 | BR-BrBNA | ||
| 005 | 20231205125628.0 | ||
| 007 | ta | ||
| 008 | 230509b bl.|||p| |||| 00| 00por d | ||
| 040 |
_aBR-BrBNA _bpor _cBiblioteca Nacional de Agricultura |
||
| 041 | _a(En) | ||
| 072 | _aF30 | ||
| 100 | 1 | _aCosta-Netto, A.P. da | |
| 100 | 1 | _aShishido, S.M. | |
| 100 | 1 | _aDuarte, R.D. | |
| 100 | 1 | _aMenossi, M. | |
| 111 | 1 |
_a16. Congresso Brasileiro de Floricultura e Plantas Ornamentais; 3. Congresso Brasileiro de Cultura de Tecidos de Plantas; 1. Simpósio de Plantas Ornamentais Nativas _cGoiânia, GO (Brazil) _d10-15 Sep 2007 |
|
| 245 | 1 | _aEffect of the GSNO in the Genic Expression in Cells Suspension of Sugar Cane | |
| 650 | _aCANA DE AÇÚCAR | ||
| 650 | _aSACCHARUM OFFICINARUM | ||
| 650 | _aGENE | ||
| 650 | _aENZIMA | ||
| 773 | 0 |
_tRevista Brasileira de Horticultura Ornamental (Brazil) _xISSN 1809-6093 _g(Sep 2007), v. 13(Suplemento) p. 256 _wBR2015004594 |
|
| 909 |
_a202311 _bLúcia _c55 _dLúcia Elande |
||
| 942 |
_2AGRIS _n0 _cANA |
||
| 999 |
_c245270 _d245270 |
||